Catálogo público

Cálculo y selección de equipo de una cámara frigorífica para conservación de canales de cerdo (Sus scrofa domestica) en Tlatlauquitepec, Puebla / (Record no. 209661)

MARC details
000 -CABECERA
campo de control de longitud fija 05507nam a2200493Ia 4500
001 - NÚMERO DE CONTROL
campo de control dia_3493
003 - IDENTIFICADOR DEL NÚMERO DE CONTROL
campo de control CHAP
005 - FECHA Y HORA DE LA ÚLTIMA TRANSACCIÓN
campo de control 20240807173222.0
007 - CAMPO FIJO DE DESCRIPCIÓN FÍSICA--INFORMACIÓN GENERAL
campo de control de longitud fija ta
008 - DATOS DE LONGITUD FIJA--INFORMACIÓN GENERAL
campo de control de longitud fija 220601s2016 mx abdefrm 001 0 spa d
040 ## - FUENTE DE LA CATALOGACIÓN
Centro catalogador/agencia de origen mxchpua
Centro/agencia transcriptor CHAP
Normas de descripción rda
041 0# - CÓDIGO DE LENGUA
Código de lengua del texto/banda sonora o título independiente spa
Código de lengua del sumario o resumen eng
090 ## - LOCALMENTE ASIGNADO TIPO-LC NÚMERO DE CLASIFICACIÓN (OCLC); NÚMERO DE CLASIFICACIÓN LOCAL (RLIN)
Número de clasificación (OCLC) (R) ; Numero de clasificación, CALL (RLIN) (NR) Tesis
Número cutter local (OCLC) ; Número de libro/Signatura topográfica íntegra, CALL (RLIN) E53
año 2016
100 1# - ENTRADA PRINCIPAL--NOMBRE DE PERSONA
Nombre de persona Encarnación Avelino, Edgar
240 10 - TÍTULO UNIFORME
Título uniforme Calculation and selection of equipment of a cold room for conservation of pig carcases (Sus scrofa domestica) in Tlatlauquitepec, Puebla.
Lenguaje de la obra Español
245 10 - MENCIÓN DE TÍTULO
Título Cálculo y selección de equipo de una cámara frigorífica para conservación de canales de cerdo (Sus scrofa domestica) en Tlatlauquitepec, Puebla /
Mención de responsabilidad, etc. Edgar Encarnación Avelino
264 ## - PRODUCCIÓN, PUBLICACIÓN, DISTRIBUCIÓN, FABRICACIÓN Y COPYRIGHT
Producción, publicación, distribución, fabricación y copyright Chapingo, México :
Nombre del de productor, editor, distribuidor, fabricante El autor,
Fecha de producción, publicación, distribución, fabricación o copyright 2016
300 ## - DESCRIPCIÓN FÍSICA
Extensión x, 93 hojas :
Otras características físicas ilustraciones, mapas, gráficas, diagramas, tablas, fotos, planos +
Material acompañante/anejo 1 CD-ROM
336 ## - TIPO DE CONTENIDO
Fuente rdacontent
Término de tipo de contenido texto
Código de tipo de contenido txt
337 ## - TIPO DE MEDIO
Fuente rdamedia
Nombre/término del tipo de medio no mediado
Código del tipo de medio n
338 ## - TIPO DE SOPORTE
Fuente rdacarrier
Nombre/término del tipo de soporte volumen
Código del tipo de soporte nc
500 ## - NOTA GENERAL
Nota general El CD contiene reporte y presentación
502 ## - NOTA DE TESIS
Nota de tesis Tesis
Tipo de título (Ingeniero Agroindustrial) --
Nombre de la institución que otorga el título UACh. Departamento de Ingeniería Agroindustrial,
Año de obtención del título 2016
504 ## - NOTA DE BIBLIOGRAFÍA, ETC.
Nota de bibliografía, etc. Bibliografía: hojas 89-90
520 3# - SUMARIO, ETC.
Sumario, etc. Los cambios químicos, físicos y microbiológicos en la carne causan pérdidas de calidad (olor, sabor, textura, etc.) y consecuentemente grandes pérdidas económicas. Estos cambios producidos en la carne están en función de la temperatura y la humedad, es por ello que el control de estos parámetros mediante refrigeración constituye en la actualidad el método más importante de conservación de la carne. El presente trabajo tuvo la finalidad de calcular los requerimientos de una cámara frigorífica de forma eficiente y cumpliendo los requisitos de conservación de canales de cerdo producidas en el municipio de Tlatlauquitepec, Puebla. Para prolongar la vida de anaquel de la carne y satisfacer los requerimientos de calidad para su comercialización y posterior consumo. Bajo la normatividad vigente nacional y recomendaciones de la Asociación Americana de Ingenieros en Calefacción, Refrigeración y Aire Acondicionado (ASHRAE). La capacidad de la cámara se estimó en 50 toneladas (625 canales), con dimensiones de 28 m largo, 26 m de ancho y 5 m de altura, capacidad alcanzada en 8 días y un flujo diario de entrada de 6.25 toneladas (78 canales con un peso promedio de 80 kg). Bajo estas condiciones se calculó una carga térmica de 15.03 T. R (190,320.67 kJ/h) a una temperatura interior de la cámara de 0°C. Se seleccionó el equipo de refrigeración con temperatura de evaporación de -5°C y condensación 38°C, el sistema se calculó para un sistema con refrigerante R-404A, resultando la selección de una unidad condensadora, evaporador, válvula de expansión termostática (VET), válvula solenoide, tuberías y accesorios. Se presentan recomendaciones de instalación y puesta en marcha del equipo. También se estimó el costo de la maquinaria y equipo en $ 3, 568, 532.4 M.N. --
520 3# - SUMARIO, ETC.
Sumario, etc. The chemical changes, physical and microbiological in meat causing loss of quality (odour, flavor, texture, etc.) and consequently large economic losses. These changes produced in the flesh are depending on the temperature and the humidity, it is for this reason that the control of these parameters through cooling is currently the most important method of preserving the meat. The present work had the purpose of calculating the requirements of a cold store efficiently and in compliance with the conservation requirements of pork carcasses produced in the municipality of Tlatlauquitepec, Puebla. To prolong the shelf life of the meat and meet the quality requirements for their marketing and later consumption. Under the national legislation and recommendations of the American Association of Engineers in heating, refrigeration and air conditioning (ASHRAE). The capacity of the camera is estimated at 50 tons (625 channels), with dimensions of 28 m long, 26 m wide and 5 m in height, capacity reached in 8 days and a daily flow of entry of 6.25 tonnes (78 channels with an average weight of 80 kg). Under these conditions we calculated a heat load of 15.03 T. R (190320.67 kJ/h) to an internal temperature of the camera of 0°C. You selected the refrigeration equipment with evaporation temperature of -5°C and condensation 38°C, the system was calculated for a system with refrigerant R-404A, resulting in the selection of a condensing unit, evaporator, thermostatic expansion valve (VET), solenoid valve, pipes and accessories. presented recommendations of installation and commissioning of the equipment. It is also estimated the cost of the machinery and equipment in $ 3, 568, 532.4 M.N.
650 13 - PUNTO DE ACCESO ADICIONAL DE MATERIA--TÉRMINO DE MATERIA
Término de materia o nombre geográfico como elemento de entrada Carne de cerdo
Subdivisión general Refrigeración
Fuente del encabezamiento o término atg
650 12 - PUNTO DE ACCESO ADICIONAL DE MATERIA--TÉRMINO DE MATERIA
Término de materia o nombre geográfico como elemento de entrada Carne de cerdo
Subdivisión general Preservación
Fuente del encabezamiento o término atg
650 13 - PUNTO DE ACCESO ADICIONAL DE MATERIA--TÉRMINO DE MATERIA
Término de materia o nombre geográfico como elemento de entrada Plantas empacadoras de carne
Fuente del encabezamiento o término atg
650 13 - PUNTO DE ACCESO ADICIONAL DE MATERIA--TÉRMINO DE MATERIA
Término de materia o nombre geográfico como elemento de entrada Pork
Subdivisión general Refrigeration
Fuente del encabezamiento o término atg
650 13 - PUNTO DE ACCESO ADICIONAL DE MATERIA--TÉRMINO DE MATERIA
Término de materia o nombre geográfico como elemento de entrada Pork
Subdivisión general Preservation
Fuente del encabezamiento o término atg
650 13 - PUNTO DE ACCESO ADICIONAL DE MATERIA--TÉRMINO DE MATERIA
Término de materia o nombre geográfico como elemento de entrada Meat packing plants
Fuente del encabezamiento o término atg
700 1# - PUNTO DE ACCESO ADICIONAL--NOMBRE DE PERSONA
Nombre de persona Marchand Ortega, Rubén
Término indicativo de función/relación director
700 1# - PUNTO DE ACCESO ADICIONAL--NOMBRE DE PERSONA
Nombre de persona Martínez Mosqueda, Francisco
Término indicativo de función/relación asesor
700 1# - PUNTO DE ACCESO ADICIONAL--NOMBRE DE PERSONA
Nombre de persona Ramírez Sepúlveda, Marco Favio
Término indicativo de función/relación asesor
856 41 - LOCALIZACIÓN Y ACCESO ELECTRÓNICOS
Identificador Uniforme del Recurso <a href="http://10.13.5.2/tesis/sist113369.pdf">http://10.13.5.2/tesis/sist113369.pdf</a>
Texto de enlace DESCARGAR PDF
901 ## - ELEMENTOS DE DATOS A LOCAL LDA (RLIN)
a TESIS E53 2016
942 ## - ELEMENTOS DE PUNTO DE ACCESO ADICIONAL (KOHA)
Tipo de ítem Koha TESIS
Fuente del sistema de clasificación o colocación Clasificación Universidad Autónoma Chapingo
902 ## - ELEMENTOS DE DATOS B LOCAL, LDB (RLIN)
a M
905 ## - ELEMENTOS DE DATOS E LOCAL, LDE (RLIN)
a 5232272016 mx nmal8223123322spa16
Holdings
Estado de retiro Estado de pérdida Fuente del sistema de clasificación o colocación Estado dañado Restricciones de uso No para préstamo Código de colección Localización permanente Ubicación/localización actual Fecha de adquisición Fuente de adquisición Total de préstamos Signatura topográfica completa Código de barras Fecha visto por última vez Número de copia Precio válido a partir de Tipo de ítem Koha Ubicación en estantería
    Clasificación Universidad Autónoma de Chapingo   Préstamo interno   Tesis Ingenieria Agroindustrial Ingenieria Agroindustrial 01/06/2022 El autor   Tesis E53 2016 1101010406 01/06/2022 Ej. 2 01/06/2022 CD  
    Clasificación Universidad Autónoma de Chapingo   Préstamo interno   Tesis Ingenieria Agroindustrial Ingenieria Agroindustrial 01/06/2022 El autor   Tesis E53 2016 1101010407 02/02/2026 Ej. 1 01/06/2022 Tesis  
    Clasificación Universidad Autónoma de Chapingo       Tesis digitales de Licenciatura Ingenieria Agroindustrial Ingenieria Agroindustrial 07/08/2024 El autor     1201010407 07/08/2024   07/08/2024 Tesis digital En línea